000 00442nam a22001577a 4500
003 OSt
005 20251030115952.0
008 251030b |||||||| |||| 00| 0 eng d
020 _a0040-5639
100 _aKristin E. Heyer
245 _aInternalized Borders:
_bImmigration Ethics in the Age of Trump
260 _aUSA,
_bSages Publications;
_c2018
300 _aP.146-164
440 _aTheological Studies
_nNo.1
_pVol.79
942 _2lcc
_cART
999 _c204987
_d204947